000 00414nam a2200181Ia 4500
001 7987
005 20260306160536.0
008 260306t2002||||xx |||||||||||||| ||spa||
041 _aESP
082 _a370
_bC23
100 _aCalero Pérez, Mavilo
_eAUT
245 0 _a¿Nuevo enfoque educativo?
260 _c2002
300 _a264 páginas :
_c
650 _aGEN
654 _aCED
942 _cLIB
_dJUS
_fJUS
_2ddc
_n
999 _c7987
_d7987